Green Hills of Africa/ (Record no. 214163)

MARC details
000 -LEADER
fixed length control field 00537nam a22001817a 4500
005 - DATE AND TIME OF LATEST TRANSACTION
control field 20260115144627.0
010 ## - LCCN (DPL NO)
LC control number ENG-147440
020 ## - INTERNATIONAL STANDARD BOOK NUMBER
International Standard Book Number 9789355462572
Terms of availability 175.00
035 ## - SYSTEM CONTROL NUMBER
System control number EN-130972
037 ## - SOURCE OF ACQUISITION
Source of stock number/acquisition DBAD
082 ## - DEWEY DECIMAL CLASSIFICATION NUMBER
Classification number 940.5423
100 ## - MAIN ENTRY--PERSONAL NAME
Personal name Hemingway, Ernest
245 ## - TITLE STATEMENT
Title Green Hills of Africa/
Statement of responsibility, etc Ernest Hemingway
260 ## - PUBLICATION, DISTRIBUTION, ETC. (IMPRINT)
Place of publication, distribution, etc Delhi
Name of publisher, distributor, etc Pharos Books
Date of publication, distribution, etc 2022
270 ## - ADDRESS
Address Plot No.-55, Main Mother Dairy Road, Pandav Nagar,
City Delhi
Postal code 110092
300 ## - PHYSICAL DESCRIPTION
Extent 210p.
Dimensions 21cm(pb)
942 ## - ADDED ENTRY ELEMENTS (KOHA)
Source of classification or shelving scheme Dewey Decimal Classification
Item type English Books
Classification part 940.5423
Call number suffix HEM
Holdings
Withdrawn status Lost status Not for loan Collection code Home library Current library Date acquired Source of acquisition Cost, normal purchase price Full call number Barcode Copy number Cost, replacement price Koha item type
      Non-fiction Patel Nagar Patel Nagar 15/01/2026 Delivery of Books Act Division 175.00 940.5423 HEM EN-130972 1 175.00 English Books

© Delhi Public Library
Hit Counter
free hit counter